000 00660nam a2200229Ia 4500
003 OSt
005 20221007080242.0
006 a|||||r|||| 00| 0
007 ta
008 221006b |||||||| |||| 00| 0 eng d
024 _a13,281
037 _cTextual
040 _aFLL
_cFLL
_beng
041 _2eng
_aeng
082 _aV73:5'N7, N3
100 _aShapiro J.P. Au.
_9694753
245 0 _aNo pity
_b People with disabilities forging a new civil rights movement
260 _aNew Delhi
_bUniversal book traders India
_c1993
300 _a374p
_ccm.
942 _hV73:5'N7, N3
_cTEXL
_2CC
999 _c1158851
_d1158851